L’I.A. dans la compliance et les enquêtes (notice n° 1665244)

détails MARC
000 -LEADER
fixed length control field 01322cam a2200217 4500500
005 - DATE AND TIME OF LATEST TRANSACTION
control field 20260222002605.0
041 ## - LANGUAGE CODE
Language code of text/sound track or separate title fre
042 ## - AUTHENTICATION CODE
Authentication code dc
100 10 - MAIN ENTRY--PERSONAL NAME
Personal name Sève, Margot
Relator term author
245 00 - TITLE STATEMENT
Title L’I.A. dans la compliance et les enquêtes
260 ## - PUBLICATION, DISTRIBUTION, ETC.
Date of publication, distribution, etc. 2026.<br/>
500 ## - GENERAL NOTE
General note 4
520 ## - SUMMARY, ETC.
Summary, etc. Après avoir rappelé les principes du droit de la compliance, cet article traite des différents usages et apports de l’intelligence artificielle dans les programmes de conformité et les enquêtes des entreprises et conclut sur les limites intrinsèques de l’usage de l’I.A. en droit, notamment dans l’exercice de l’activité d’avocat.
520 ## - SUMMARY, ETC.
Summary, etc. After reviewing the principles of compliance law, this presentation discusses the various uses and contributions of artificial intelligence in corporate compliance programs and investigations. It concludes by examining the intrinsic limitations of using AI in law, particularly in the practice of law.
690 ## - LOCAL SUBJECT ADDED ENTRY--TOPICAL TERM (OCLC, RLIN)
Topical term or geographic name as entry element Compliance
690 ## - LOCAL SUBJECT ADDED ENTRY--TOPICAL TERM (OCLC, RLIN)
Topical term or geographic name as entry element Department of Justice
690 ## - LOCAL SUBJECT ADDED ENTRY--TOPICAL TERM (OCLC, RLIN)
Topical term or geographic name as entry element Enquêtes internes
690 ## - LOCAL SUBJECT ADDED ENTRY--TOPICAL TERM (OCLC, RLIN)
Topical term or geographic name as entry element Parquet national financier
786 0# - DATA SOURCE ENTRY
Note Archives de philosophie du droit | 66 | 1 | 2026-01-22 | p. 225-232 | 0066-6564
856 41 - ELECTRONIC LOCATION AND ACCESS
Uniform Resource Identifier <a href="https://droit.cairn.info/revue-archives-de-philosophie-du-droit-2026-1-page-225?lang=fr&redirect-ssocas=7080">https://droit.cairn.info/revue-archives-de-philosophie-du-droit-2026-1-page-225?lang=fr&redirect-ssocas=7080</a>

Pas d'exemplaire disponible.

PLUDOC

PLUDOC est la plateforme unique et centralisée de gestion des bibliothèques physiques et numériques de Guinée administré par le CEDUST. Elle est la plus grande base de données de ressources documentaires pour les Étudiants, Enseignants chercheurs et Chercheurs de Guinée.

Adresse

627 919 101/664 919 101

25 boulevard du commerce
Kaloum, Conakry, Guinée

Réseaux sociaux

Powered by Netsen Group @ 2025